Statystyki dla ILE LAT MA DANY PILKARZ

Kliknij tutaj aby rozwiązać quiz!

Ogólne statystyki

  • Ten quiz został rozwiązany 892 razy
  • Średni wynik to 6 z 15

Statystyki odpowiedzi

ZagadnienieOdpowiedź% Poprawnych
Ile lat ma George Best?Nie żyje
83%
Ile lat na Robert Lewandowski?30
70%
Ile lat ma Cristiano Ronaldo?34
68%
Ile lat ma Péle?78
54%
Ile lat na Pogba?26
52%
Ile lat ma Lionel Messi?32
47%
Ile lat ma Eden Hazard?28
43%
Ile lat ma Grirzmann?28
39%
Ile lat ma Jerzy Dudek?46
33%
Ile lat ma Manuel Neuer?33
31%
Ile lat ma Marco Reus?30
30%
Ile lat ma Maradona?58
26%
Ile lat ma Ronaldinho?39
23%
Ile lat ma Maurizio Sarri?60
23%
Ile lat ma Paulo Maldini?51
15%

Rozkład punktacji

Percentyl według liczby udzielonych odpowiedzi

Procent ludzi z każdym wynikiem

Twoja historia wyników

Nie rozwiązałeś tego quizu